000 00272nmm a2200097Ia 4500
008 220120s9999||||xx |||||||||||||||||und||
082 _a00 4.165 ANT
100 _aAntonakos, James, L
245 0 _aIntel microprocessors family hardware and software: princip
260 _c2007
999 _c138856
_d138856